Marble League 2025 Teams - Sudden Death - Statistics

General Stats
  • This quiz has been taken 45 times
  • The average score is 7 of 16
Answers on the Grid
Answers color-coded by a green-red scale on the quiz's grid according to % correct below.
O'rangers
Team Momo
Snowballs
Black Jacks
Oceanics
Green Ducks
Savage Speeders
Mellow Yellow
Team Galactic
Limers
Kobalts
Bumblebees
Balls of Chaos
Raspberry Racers
Pinkies
Midnight Wisps
Jungle Jumpers
Hazers
Indigo Stars
Chocolatiers
Gliding Glaciers
Turtle Sliders
Crazy Cat's Eyes
Shining Swarm
Wolfpack
Purple Rockets
Team Plasma
Rojo Rollers
Solar Flares
Team Primary
Thunderbolts
Minty Maniacs
Jawbreakers
Hornets
Golden Orbs
Quicksilvers
 
Answer Stats
Answer % Correct
8th in Qualifiers Bumblebees
57%
7th in Qualifiers Kobalts
57%
12th in Qualifiers Midnight Wisps
57%
1st in Qualifiers Oceanics
57%
10th in Qualifiers Raspberry Racers
57%
Autoqualified - Hosts O'rangers
50%
3rd in Qualifiers Savage Speeders
50%
5th in Qualifiers Team Galactic
50%
9th in Qualifiers Balls of Chaos
43%
2nd in Qualifiers Green Ducks
43%
11th in Qualifiers Pinkies
43%
Autoqualified - 2nd in 2024 Snowballs
43%
Autoqualified - 1st in 2024 Team Momo
43%
4th in Qualifiers Mellow Yellow
36%
Autoqualified - 3rd in 2024 Black Jacks
29%
6th in Qualifiers Limers
29%
No matching quizzes found
Score Distribution
Percent of People with Each Score
Percentile by Number Answered
Your Score History
You have not taken this quiz